Vista normal Vista MARC

Entrada Personal Name

Número de registros utilizados en: 2

001 - CONTROL NUMBER

  • control field: 2094

003 - CONTROL NUMBER IDENTIFIER

  • control field: OSt

005 - DATE AND TIME OF LATEST TRANSACTION

  • control field: 20200329014033.0

008 - FIXED-LENGTH DATA ELEMENTS

  • fixed length control field: 200329|| aca||aabn | a|a d

040 ## - CATALOGING SOURCE

  • Original cataloging agency: OSt
  • Transcribing agency: OSt

100 ## - HEADING--PERSONAL NAME

  • Personal name: Estrada Álvarez, Jairo,

670 ## - SOURCE DATA FOUND

  • Source citation: Work cat.: (OSt)5134: Estrada Álvarez, Jairo, autor, Construcción del modelo neoliberal en Colombia 1970 -2004 / , 2004